000 00304nam a2200121Ia 4500
005 20251222152031.0
008 251222s9999||||xx |||||||||||||| ||spa||
082 _a631.3/O74
100 _a"Ortiz-Caíavate, Jaime"
245 0 _aLas maquinas agrícolas y su aplicación
250 _a6a.ed.
942 _cLIB
999 _c25686
_d25686